00572nam a2200181Ia 450000500170000000800410001702000150005808200130007310000150008624500600010125000080016126000380016930000130020750000510022094200060027195200980027799900150037520250428012757.0240331s9999 xx 000 0 und d a955934868X bMAHa891 aMahamudi,B 0aSri Lankawedi thahanam kala nohakiwuu deviyange adaviya a2nd aColombobSooriya Publishersc2000 a332 p ., aSinhala Translation of Not Without My Daughter cL 001040708LaWERCLbWERCLcSSCd2024-03-31l0o 891.48 MAHp4459r2024-03-31w2024-03-31yL c4913d4913